Score 0/133 Timer 08:00
11 Plays Today
Decade Name % Correct
2010sRobert
92.5%
1880sRobert
92.4%
1890sRobert
92.4%
1900sRobert
92.4%
1910sRobert
92.4%
1920sRobert
92.4%
1930sRobert
92.4%
1940sRobert
92.4%
1950sRobert
92.4%
1960sRobert
92.4%
1970sRobert
92.4%
1980sRobert
92.4%
1990sRobert
92.4%
2000sRobert
92.4%
2010sRichard
91.9%
1880sRichard
91.4%
1890sRichard
91.4%
1900sRichard
91.4%
1910sRichard
91.4%
1920sRichard
91.4%
1930sRichard
91.4%
1940sRichard
91.4%
1950sRichard
91.4%
1960sRichard
91.4%
1970sRichard
91.4%
1980sRichard
91.4%
1990sRichard
91.4%
2000sRichard
91.4%
1920sRonald
77.1%
1930sRonald
77.1%
1940sRonald
77.1%
1950sRonald
77.1%
1960sRonald
77.1%
1970sRonald
77.1%
1980sRonald
77.1%
1990sRonald
77.1%
2010sRyan
72.1%
1880sRay
71.7%
1890sRay
71.7%
1900sRay
71.7%
1910sRay
71.7%
1920sRay
71.7%
1930sRay
71.7%
1940sRay
71.7%
1970sRyan
67.4%
Decade Name % Correct
1980sRyan
67.4%
1990sRyan
67.4%
2000sRyan
67.4%
1880sRaymond
66.8%
1900sRaymond
66.8%
1910sRaymond
66.8%
1920sRaymond
66.8%
1930sRaymond
66.8%
1890sRaymond
66.8%
1940sRaymond
66.8%
1950sRaymond
66.8%
1960sRaymond
66.8%
1970sRaymond
66.8%
1980sRaymond
66.8%
1990sRaymond
66.8%
2000sRaymond
66.8%
1950sRicky
65.6%
1960sRicky
65.6%
1980sRicky
65.6%
1950sRandy
63.9%
1960sRandy
63.9%
1970sRandy
63.9%
1980sRandy
63.9%
1990sRandy
63.9%
1910sRoger
58.9%
1920sRoger
58.9%
1930sRoger
58.9%
1940sRoger
58.9%
1950sRoger
58.9%
1960sRoger
58.9%
1970sRoger
58.9%
1880sRalph
56.3%
1890sRalph
56.3%
1900sRalph
56.3%
1910sRalph
56.3%
1920sRalph
56.3%
1930sRalph
56.3%
1940sRalph
56.3%
1880sRoy
55.6%
1890sRoy
55.6%
1900sRoy
55.6%
1910sRoy
55.6%
1920sRoy
55.6%
1930sRoy
55.6%
1940sRoy
55.6%
Decade Name % Correct
1950sRoy
55.6%
2010sRiley
50.2%
1940sRonnie
47.6%
1950sRandall
47.5%
1960sRandall
47.5%
1970sRandall
47.5%
1980sRandall
47.5%
1890sRoland
45%
1910sRoland
45%
1920sRoland
45%
1930sRoland
45%
2010sRoman
42.5%
1990sRiley
39.7%
2000sRiley
39.7%
1880sRussell
39.6%
1890sRussell
39.6%
1900sRussell
39.6%
1910sRussell
39.6%
1920sRussell
39.6%
1930sRussell
39.6%
1940sRussell
39.6%
1950sRussell
39.6%
1960sRussell
39.6%
1970sRussell
39.6%
1980sRussell
39.6%
1980sRicardo
39.2%
1990sRicardo
39.2%
2000sRicardo
39.2%
1960sRodney
36.6%
1970sRodney
36.6%
1990sRoberto
36%
1880sRoss
33.9%
1890sRudolph
31.5%
1900sRudolph
31.5%
1910sRudolph
31.5%
2010sRyder
25.8%
1880sRufus
22.4%
1890sRufus
22.4%
1900sRufus
22.4%
1990sRuben
19.1%
2010sRyker
15.8%
1880sRoscoe
12.6%
1900sRoosevelt
9.1%
Remove Ads.
Support Sporcle.
Get the best of Sporcle when you Go Orange. This ad-free experience offers more features, more stats, and more fun while also helping to support Sporcle. Thank you for becoming a member.

You're not logged in!

Compare scores with friends on all Sporcle quizzes.
OR
Log In

Sporcle TV

Today on Sporcle TV


Watch our educational content, quiz creation guides, and fun videos on Sporcle TV.

Show Comments

Extras

Top Quizzes Today


Score Distribution

Paid Content

Your Account Isn't Verified!

In order to create a playlist on Sporcle, you need to verify the email address you used during registration. Go to your Sporcle Settings to finish the process.

Report this User

Report this user for behavior that violates our Community Guidelines.

Details: